| 000 | 00642cam a22002413a 4500 | ||
|---|---|---|---|
| 001 | 20930 | ||
| 003 | PGUSA | ||
| 005 | 20140828083439.0 | ||
| 008 | 070329s2007||||xxu|||||s|||||000 | eng d | ||
| 040 |
_aPGUSA _beng |
||
| 042 | _adc | ||
| 050 | 4 | _aQB | |
| 100 | 1 |
_aGuillemin, Amédée, _d1826-1893 |
|
| 245 | 1 | 0 |
_aCosmografía _h[electronic resource] / _cAmédée Guillemin |
| 260 |
_bProject Gutenberg, _c2007 |
||
| 506 | _aPublic domain in the USA. | ||
| 516 | _aElectronic text | ||
| 653 | _aSolar system | ||
| 653 | _aStars | ||
| 830 | 0 |
_aProject Gutenberg _v20930 |
|
| 856 | 4 | 0 | _uhttp://www.gutenberg.org/ebooks/20930 |
| 942 | _cEB | ||
| 999 |
_c250185 _d250185 |
||